SYSTEMIZING PROJECT MANAGEMENT (PRACTICES) AT ELECTRONIC SYSTEMS (Record no. 350978)
[ view plain ]
| 000 -LEADER | |
|---|---|
| fixed length control field | 00584nam a22001937a 4500 |
| 003 - CONTROL NUMBER IDENTIFIER | |
| control field | OSt |
| 005 - DATE AND TIME OF LATEST TRANSACTION | |
| control field | 20180116183030.0 |
| 008 - FIXED-LENGTH DATA ELEMENTS--GENERAL INFORMATION | |
| fixed length control field | 151218b xxu||||| |||| 00| 0 eng d |
| 020 ## - INTERNATIONAL STANDARD BOOK NUMBER | |
| International Standard Book Number | 03-839-2010-1 |
| 024 ## - OTHER STANDARD IDENTIFIER | |
| Source of number or code | 03-839-2010-1 |
| 040 ## - CATALOGING SOURCE | |
| Transcribing agency | Lahore LUMS |
| 082 ## - DEWEY DECIMAL CLASSIFICATION NUMBER | |
| Edition number | |
| Classification number | 174.4 LUM 2010 |
| 100 ## - MAIN ENTRY--PERSONAL NAME | |
| Personal name | Chatha, KA |
| 245 ## - TITLE STATEMENT | |
| Title | SYSTEMIZING PROJECT MANAGEMENT (PRACTICES) AT ELECTRONIC SYSTEMS |
| Statement of responsibility, etc. | Chatha, KA |
| 260 ## - PUBLICATION, DISTRIBUTION, ETC. | |
| Place of publication, distribution, etc. | Lahore LUMS |
| Name of publisher, distributor, etc. | 174.4 LUM 2010 |
| Date of publication, distribution, etc. | 2010 |
| 300 ## - PHYSICAL DESCRIPTION | |
| Extent | 22 p. |
| Other physical details | Papers |
| 440 ## - SERIES STATEMENT/ADDED ENTRY--TITLE | |
| Title | ITEMIZING PROJECT MANAGEMENT (PRACTICES) AT ELECTRONIC SYSTEMS |
| 942 ## - ADDED ENTRY ELEMENTS (KOHA) | |
| Source of classification or shelving scheme | |
| Koha item type | Case Studies |
| Withdrawn status | Lost status | Source of classification or shelving scheme | Damaged status | Not for loan | Collection code | Permanent Location | Current Location | Shelving location | Date acquired | Total Checkouts | Full call number | Barcode | Date last seen | Date last checked out | Price effective from | Koha item type |
|---|---|---|---|---|---|---|---|---|---|---|---|---|---|---|---|---|
| Central Library (CL) | Central Library (CL) | Reference | 12/18/2015 | 1 | 174.4 LUM 2010 | NBS9809 | 02/25/2016 | 01/19/2016 | 12/18/2015 | Case Studies |
